01482nam a2200277 a 450000100100000000500170001000800410002704000130006808200180008110000410009924501460014026000890028630000210037550400410039650400740043765000470051165000790055870000380063770000340067571001050070904900090081495201300082395201150095395201210106899900150118900000477720250607073643.0090727s2002 dr 000 0 spa d aDO-SdBNP a362.22bS211s1 aSánchez Martínez, Fernando9718310aSalud mental en la comunidad :bguía para la acción /cFernando Sánchez Martínez, Franklín Gómez Montero ; prólogo Angela Caba. aSanto Domingo :bSecretaria de Estado de Salud Pública y Asistencia Social,c2002. a241 p. ;c23 cm. aIncluye bibliografías (p.231-241). aIncluye referencias bibliográficas y notas al pie de las páginas. 4aSalud mentalzRepública Dominicana91052 4aServicios de salud mental para la comunidadzRepública Dominicana9138821 aGómez Montero, Franklín990491 aCaba, Angela,epról.9138831 aRepública Dominicana. b Secretaria de Estado de Salud Pública y Asistencia Social (2001)956549 aBNPD 001054708DSaGRbGRcCTd2010-09-17iLF1l0o362.22 S211sp4777-30r2020-06-25te. 3w2020-06-25yLFDSZPréstamo en sala 0010718PDaPDbPDcCTd2009-07-27iLF1l0o362.22 S211sp4777-10r2020-06-25w2020-06-25yLFPDZNo se presta 0010718PDaPDbPDcCTd2009-07-27iLF1l0o362.22 S211sp4777-20r2020-06-25te. 2w2020-06-25yLFPDZNo se presta c4583d4583